EPIC - The Horse and the Infant - Statistics

General Stats
  • This quiz has been taken 33 times
  • The average score is 121 of 415
Answer Stats
Answer % Correct
Alright
100%
brothers
100%
closely
100%
listen
100%
my
100%
10
95%
be
95%
killed
95%
make
95%
now
95%
ones
95%
pay
95%
slay
95%
slowly
95%
the
95%
the
95%
they
95%
tonight
95%
Trojans
95%
us
95%
we
95%
we'll
95%
who
95%
years
95%
your
95%
and
89%
and
89%
been
89%
but
89%
children
89%
families
89%
growing
89%
of
89%
of
89%
old
89%
think
89%
war
89%
where
89%
wives
89%
wonder
89%
yet
89%
your
89%
you're
89%
you've
89%
again
84%
and
84%
do
84%
here
84%
I
84%
say
84%
see
84%
(sir!)
84%
still
84%
them
84%
they're
84%
(yes)
84%
you'll
84%
Ajax
79%
and
79%
and
79%
back
79%
charge
79%
flank
79%
guards
79%
Helen
79%
her
79%
lead
79%
Little
79%
protect
79%
stay
79%
the
79%
the
79%
what
79%
will
79%
will
79%
will
79%
any
74%
at
74%
attack
74%
city
74%
gates
74%
large
74%
let
74%
Neo
74%
Nestor
74%
our
74%
secure
74%
take
74%
the
74%
the
74%
through
74%
whole
74%
will
74%
will
74%
Agamemnon
68%
ambush
68%
avenge
68%
Diomedes
68%
father
68%
kill
68%
mates
68%
shoot
68%
the
68%
your
68%
brothers
63%
Hector
63%
of
63%
(Sir)
63%
(Yes)
63%
Find
58%
Menelaus
58%
to
58%
inner
53%
now
53%
Teucer
53%
that
53%
fight
47%
of
47%
pride
47%
strength
47%
that
47%
through
47%
use
47%
well
47%
ask
37%
every
37%
now
37%
yourself
37%
do
32%
do
32%
for
32%
inside
32%
what
32%
what
32%
you
32%
you
32%
do
26%
do
26%
for
26%
for
26%
live
26%
pain
26%
what
26%
what
26%
wish
26%
you
26%
and
21%
fight
21%
for
21%
Penelope
21%
Penelope
21%
try
21%
you
21%
do
16%
fight
16%
fight
16%
for
16%
for
16%
I
16%
I
16%
Telemachus
16%
us
16%
us
16%
what
16%
you
16%
a
11%
a
11%
a
11%
and
11%
anyone
11%
Attack!
11%
be
11%
be
11%
can
11%
cannot
11%
come
11%
dealt
11%
do
11%
do
11%
do
11%
don't
11%
faced
11%
fight
11%
foe
11%
for
11%
for
11%
for
11%
for
11%
have
11%
here
11%
how
11%
i
11%
I'm
11%
is
11%
kill
11%
live
11%
me
11%
mission
11%
my
11%
now
11%
of
11%
on
11%
only
11%
outrun
11%
penelope
11%
ready
11%
right
11%
run
11%
someone's
11%
son
11%
Telemachus
11%
tell
11%
that
11%
think
11%
to
11%
to
11%
try
11%
unlike
11%
vision
11%
was
11%
way
11%
what
11%
what
11%
what
11%
what
11%
Who
11%
who
11%
wish
11%
with
11%
won't
11%
you
11%
you
11%
you
11%
you
11%
you're
11%
a
5%
a
5%
age
5%
an
5%
an
5%
as
5%
as
5%
avenger
5%
avoid
5%
before
5%
boy
5%
boy
5%
burn
5%
by
5%
by
5%
can
5%
can
5%
cannot
5%
consumed
5%
could
5%
does
5%
don't
5%
don't
5%
end
5%
from
5%
fumed
5%
goodbye
5%
goodbye
5%
grow
5%
have
5%
he
5%
he
5%
he
5%
Hector
5%
him
5%
him
5%
i
5%
i
5%
i
5%
I
5%
if
5%
i'm
5%
imminent
5%
infant
5%
is
5%
it's
5%
it's
5%
just
5%
just
5%
know
5%
know
5%
left
5%
more
5%
my
5%
no
5%
no
5%
none
5%
now
5%
of
5%
of
5%
one
5%
one
5%
other
5%
own
5%
own
5%
Penelope
5%
Penelope
5%
pose
5%
Prince
5%
rage
5%
raise
5%
ready
5%
ready
5%
save
5%
say
5%
say
5%
say
5%
son
5%
sort
5%
than
5%
that
5%
that
5%
that
5%
the
5%
think
5%
this
5%
threat
5%
to
5%
to
5%
to
5%
to
5%
Troy's
5%
very
5%
what
5%
will
5%
will
5%
you
5%
you
5%
you
5%
you'll
5%
you're
5%
you're
5%
all
0%
away
0%
begging
0%
bleed
0%
blood
0%
can
0%
choose
0%
do
0%
do
0%
don't
0%
don't
0%
down
0%
far
0%
find
0%
for
0%
for
0%
from
0%
go
0%
gods
0%
Gods
0%
hands
0%
he
0%
him
0%
his
0%
home
0%
house
0%
i'd
0%
i'm
0%
i'm
0%
is
0%
is
0%
is
0%
is
0%
it
0%
knees
0%
known
0%
known
0%
lose
0%
make
0%
make
0%
make
0%
make
0%
me
0%
me
0%
my
0%
never
0%
of
0%
on
0%
on
0%
or
0%
past
0%
please
0%
please
0%
rather
0%
send
0%
something
0%
sure
0%
the
0%
the
0%
the
0%
the
0%
this
0%
this
0%
this
0%
wherever
0%
whose
0%
will
0%
will
0%
will
0%
won't
0%
ya
0%
ya
0%
you
0%
you
0%
you
0%
you
0%
your
0%
your
0%
No matching quizzes found
Score Distribution
Percent of People with Each Score
Percentile by Number Answered
Your Score History
You have not taken this quiz